Loading...

First circle/

Bibliografiske detaljer
Hovedforfatter: Alexander Solzhenitsym
Andre forfattere: Max Hayward (tr.)
Format: Printed Book
Udgivet: London: Harvill Press, 1988.
Fag:
LEADER 00749nam a22002051a 4500
020 |a 9781860460906 
082 |a 823  |b ALE/F 
100 |a Alexander Solzhenitsym   |9 160607 
245 |a First circle/  |c by Alexander Solzhenitsym  
260 |a London:  |b Harvill Press,  |c 1988. 
300 |a 581p. 
500 |a Aleksandr Solzhenitsyn Max Hayward(tr) Manya Harari(tr) Michael Glenny(tr) 
650 |a Translation Russian Novel  |9 160608 
650 |a Novel English  |9 160609 
650 |a Literature English  |9 160610 
650 |a Literature  |9 160611 
700 |a Max Hayward (tr.)  |9 160612 
942 |c BK 
999 |c 14744  |d 14744 
952 |0 0  |1 0  |4 0  |6 823_000000000000000_ALE_F  |7 0  |9 20985  |a SSUS  |b SSUS  |d 2015-01-08  |g 0.00  |o 823 ALE/F  |p 027736  |r 2015-01-08  |v 0.00  |w 2015-01-08  |y BK